| 000 | 00340nam a2200109 a 4500 | ||
|---|---|---|---|
| 005 | 20140414132058.0 | ||
| 008 | 110815s19uu xx 00 eng d | ||
| 050 |
_aREF 030 _bK76 2008 |
||
| 245 |
_aKnow it all : _bThe ultimate guide to absolutey everthing and more with over 2,000 facts!. |
||
| 260 |
_aChina : _bIgloo, _c2007. |
||
| 999 |
_c114385 _d114385 |
||